[Event "Lichtenrader Herbst"]
[Site "Berlin, Germany"]
[Date "2018.10.28"]
[Round "2.1"]
[White "Bolk, Matthias"]
[Black "Stern, Rene"]
[Result "0-1"]
[WhiteElo "2080"]
[BlackElo "2527"]
[PlyCount "70"]
[EventDate "2018.??.??"]

1. e4 e5 2. f4 exf4 3. Nf3 g5 4. Bc4 g4 5. Ne5 Qh4+ 6. Kf1 Nh6 7. Nc3 d6 8. Nd3
f3 9. Nf2 fxg2+ 10. Kxg2 Rg8 11. Ne2 Be6 12. Bb3 Nd7 13. d4 Nf6 14. Bf4 Nh5 15.
Bg3 Qg5 16. Qd3 O-O-O 17. a4 Bxb3 18. cxb3 f5 19. exf5 Nxf5 20. Rhc1 Bh6 21.
Kg1 Qg6 22. Rc3 Rge8 23. a5 a6 24. b4 Re3 25. Qc4 Rxc3 26. bxc3 Nhxg3 27. Nxg3
Nxg3 28. hxg3 Be3 29. Rf1 Rf8 30. Qe2 Qg5 31. Kh2 Qh5+ 32. Kg2 Rxf2+ 33. Rxf2
Qh3+ 34. Kg1 Qxg3+ 35. Kf1 Qxf2+ 0-1

[Event "Lichtenrader Herbst"]
[Site "Berlin, Germany"]
[Date "2018.10.28"]
[Round "2.2"]
[White "Starostits, Ilmars"]
[Black "Gebigke, Martin"]
[Result "1-0"]
[WhiteElo "2454"]
[BlackElo "2057"]
[PlyCount "75"]
[EventDate "2018.??.??"]

1. e4 c5 2. Nf3 d6 3. g3 Nf6 4. d3 g6 5. Bg2 Bg7 6. O-O O-O 7. c3 Nc6 8. h3 e5
9. Re1 d5 10. exd5 Nxd5 11. Nbd2 h6 12. Nc4 Re8 13. Qb3 Nc7 14. Be3 Bf8 15.
Nfd2 Nd5 16. Ne4 Nxe3 17. Rxe3 Re6 18. Rae1 Rb8 19. Ned2 Qc7 20. a4 Bg7 21. h4
Bd7 22. Bd5 Re7 23. Ne4 Nd8 24. Ned6 a6 25. Qb6 Qxb6 26. Nxb6 Be6 27. Ne4 Rc7
28. Bxe6 fxe6 29. Rf3 Nf7 30. Nf6+ Bxf6 31. Rxf6 Kg7 32. Rxe6 Rd8 33. Re3 h5
34. a5 Kh7 35. Kf1 Kg7 36. Ke2 Kh7 37. Nc4 Rdd7 38. Nxe5 1-0

[Event "Lichtenrader Herbst"]
[Site "Berlin, Germany"]
[Date "2018.10.28"]
[Round "2.3"]
[White "Dathe, Frederick"]
[Black "Shishkin, Vadim"]
[Result "1/2-1/2"]
[WhiteElo "2062"]
[BlackElo "2453"]
[PlyCount "129"]
[EventDate "2018.??.??"]

1. Nf3 d5 2. c4 d4 3. g3 g6 4. Bg2 Bg7 5. d3 a5 6. O-O e5 7. e3 dxe3 8. fxe3
Nc6 9. Nc3 Nge7 10. a3 O-O 11. Rb1 Bf5 12. Ne1 Qd7 13. Ne4 Rab8 14. b4 axb4 15.
axb4 b5 16. Nc5 Qc8 17. cxb5 Na7 18. Bd2 Nxb5 19. Qb3 Bh3 20. Nf3 Bxg2 21. Kxg2
h6 22. Ng1 c6 23. Ne2 Nd5 24. e4 Ndc7 25. Be3 Qd8 26. Ra1 Qe7 27. Qc4 Ra8 28.
Nb7 Qe6 29. Na5 Ra6 30. Rac1 Rd8 31. Nxc6 Qxc4 32. dxc4 Rxc6 33. cxb5 Rxc1 34.
Rxc1 Nxb5 35. Rc5 Rb8 36. Nc1 Nd6 37. Nd3 Nxe4 38. Ra5 Nd6 39. Ba7 Rb7 40. Bc5
Nc4 41. Ra8+ Kh7 42. Ra7 Rxa7 43. Bxa7 e4 44. Nf4 Nd6 45. Nd5 Nb5 46. Be3 f5
47. g4 Be5 48. gxf5 gxf5 49. h4 Nc7 50. Nxc7 Bxc7 51. h5 Kg7 52. Bd4+ Kf7 53.
b5 f4 54. b6 Bd6 55. Kf2 Ke6 56. b7 Bb8 57. Bg7 Ba7+ 58. Kf1 Kf5 59. Bxh6 Kg4
60. Bxf4 Kxf4 61. Ke2 Kg5 62. h6 Kg6 63. h7 Kxh7 64. b8=Q Bxb8 65. Ke3 1/2-1/2

[Event "Lichtenrader Herbst"]
[Site "Berlin, Germany"]
[Date "2018.10.28"]
[Round "2.4"]
[White "Rakotomaharo, Fy Antenaina"]
[Black "Feikes, Joerg"]
[Result "1-0"]
[WhiteElo "2422"]
[BlackElo "1996"]
[PlyCount "53"]
[EventDate "2018.??.??"]

1. e4 e5 2. Nf3 Nc6 3. Bc4 Nf6 4. d3 Bc5 5. c3 a6 6. O-O Ba7 7. Re1 O-O 8. Bb3
d6 9. h3 Ne7 10. Nbd2 Ng6 11. Nf1 Nh5 12. d4 Nhf4 13. Be3 c6 14. Qd2 Qf6 15.
N1h2 Be6 16. Rad1 Bxb3 17. axb3 Qe7 18. c4 Rad8 19. b4 Bb8 20. Qc2 Rfe8 21. d5
c5 22. bxc5 dxc5 23. Kh1 h6 24. Nf1 b6 25. Ng3 Qf6 26. Rd2 Nxh3 27. Nh5 1-0

[Event "Lichtenrader Herbst"]
[Site "Berlin"]
[Date "2018.10.28"]
[Round "2.5"]
[White "Jesse, Timo"]
[Black "Bruedigam, Martin"]
[Result "0-1"]
[WhiteElo "2064"]
[BlackElo "2392"]
[PlyCount "46"]
[EventDate "2018.??.??"]
[WhiteTeam "ESV 1949 Eberswalde e.V."]
[BlackTeam "SK König Tegel 1949 e.V."]

1. e4 e5 2. Nf3 Nc6 3. d4 exd4 4. Nxd4 Nf6 5. Nxc6 bxc6 6. e5 Qe7 7. Qe2 Nd5 8.
c4 Ba6 9. b3 g6 10. f4 Bg7 11. Qf2 Nb6 12. Ba3 d6 13. c5 Bxf1 14. cxb6 Ba6 15.
bxc7 c5 16. Nc3 Qxc7 17. O-O-O Qa5 18. Kb2 Rd8 19. Qf3 O-O 20. Rxd6 Rxd6 21.
exd6 Bb7 22. Qe3 Bd4 23. Qg3 Re8 0-1

[Event "Lichtenrader Herbst"]
[Site "Berlin"]
[Date "2018.10.28"]
[Round "2.6"]
[White "Koenig, Christian"]
[Black "Stets, Dmitry"]
[Result "0-1"]
[WhiteElo "2021"]
[BlackElo "2373"]
[PlyCount "76"]
[EventDate "2018.??.??"]
[WhiteTeam "Matt Inn Dortmund"]
[BlackTeam "SF Gerresheim 86 e.V."]

1. e4 c5 2. Nf3 d6 3. d4 Nf6 4. Nc3 cxd4 5. Nxd4 g6 6. Be3 Bg7 7. f3 O-O 8. Qd2
Nc6 9. g4 Be6 10. O-O-O Rc8 11. h4 Qa5 12. a3 Nd7 13. h5 Nxd4 14. Bxd4 Bxd4 15.
Qxd4 g5 16. Nd5 Rfe8 17. h6 f6 18. Rh5 Ne5 19. Qe3 Qc5 20. Qxc5 Rxc5 21. Be2
Bxd5 22. exd5 Rec8 23. Rd2 Ng6 24. Rh1 Nf4 25. Re1 Rxd5 26. Rxd5 Nxd5 27. Bd3
Nf4 28. Bf5 Rc7 29. b4 d5 30. Kb2 d4 31. c3 dxc3+ 32. Kc2 e6 33. Bxe6+ Nxe6 34.
Rxe6 Kf7 35. Re3 Kg6 36. Re6 b6 37. a4 Rc4 38. Kb3 c2 0-1

[Event "Lichtenrader Herbst"]
[Site "Berlin"]
[Date "2018.10.28"]
[Round "2.7"]
[White "Biriukov, Nikolai"]
[Black "Noeldner, Julian"]
[Result "1-0"]
[WhiteElo "2363"]
[BlackElo "2024"]
[PlyCount "119"]
[EventDate "2018.??.??"]
[WhiteTeam "Bahn-SC Wuppertal"]
[BlackTeam "SF Nordost Berlin"]

1. Nf3 Nf6 2. c4 c5 3. Nc3 d5 4. cxd5 Nxd5 5. d4 Nxc3 6. bxc3 g6 7. Bg5 Bg7 8.
e3 Qa5 9. Qd2 Nc6 10. Rb1 a6 11. Be2 O-O 12. O-O Rd8 13. Rfd1 b5 14. d5 Bf5 15.
Rbc1 h6 16. Bh4 g5 17. Bg3 b4 18. cxb4 Nxb4 19. a3 Qxa3 20. Rxc5 Rac8 21. Rxc8
Rxc8 22. Nd4 Be4 23. d6 exd6 24. Bxd6 a5 25. Bf3 Bxf3 26. gxf3 Qc3 27. Qxc3
Rxc3 28. Nf5 Rd3 29. Rb1 Bf8 30. Bxf8 Kxf8 31. Ra1 Rd5 32. e4 Rb5 33. Nd6 Rc5
34. Nb7 Rc3 35. Rxa5 Rxf3 36. Nd6 Kg7 37. Nf5+ Kg6 38. Kg2 Rc3 39. Ne3 Nd3 40.
Ra6+ f6 41. Nd5 Nf4+ 42. Nxf4+ gxf4 43. e5 Kf5 44. exf6 Rc8 45. f7 h5 46. Ra7
Rb8 47. Re7 Rf8 48. Kf3 Kf6 49. Re4 Rxf7 50. Rxf4+ Kg6 51. Rxf7 Kxf7 52. Kf4
Kf6 53. h4 Ke6 54. Kg5 Ke5 55. f4+ Ke6 56. Kg6 Ke7 57. Kxh5 Kf6 58. Kg4 Kg6 59.
f5+ Kf6 60. h5 1-0

[Event "Lichtenrader Herbst"]
[Site "Berlin"]
[Date "2018.10.28"]
[Round "2.8"]
[White "Welz, Peter"]
[Black "Florstedt, Johannes"]
[Result "0-1"]
[WhiteElo "2045"]
[BlackElo "2310"]
[PlyCount "48"]
[EventDate "2018.??.??"]
[WhiteTeam "SV Empor Berlin e.V."]
[BlackTeam "SF Berlin 1903 e.V."]

1. f4 Nf6 2. Nf3 d5 3. e3 g6 4. Be2 Bg7 5. O-O Bg4 6. c4 dxc4 7. Na3 c3 8. bxc3
O-O 9. Rb1 b6 10. Nc4 Bf5 11. Rb3 Nc6 12. Nfe5 Nxe5 13. fxe5 Ne4 14. d4 c5 15.
Nd2 Rc8 16. Nxe4 Bxe4 17. Ra3 Rc7 18. Bf3 Qa8 19. Bxe4 Qxe4 20. Qf3 Qb1 21. Qd5
Bh6 22. Qb3 Qe4 23. Re1 cxd4 24. cxd4 Rc2 0-1

[Event "Lichtenrader Herbst"]
[Site "Berlin"]
[Date "2018.10.28"]
[Round "2.9"]
[White "Glantz, Robert"]
[Black "Hahlbohm, Matthias"]
[Result "1-0"]
[WhiteElo "2285"]
[BlackElo "2088"]
[PlyCount "65"]
[EventDate "2018.??.??"]
[BlackTeam "TSG Oberschöneweide e.V."]

1. e4 c5 2. Nf3 d6 3. d4 cxd4 4. Nxd4 Nf6 5. Nc3 a6 6. h3 e5 7. Nde2 Be7 8. g4
h6 9. Bg2 Nbd7 10. Ng3 Nb6 11. O-O g5 12. a4 Be6 13. Nd5 Nbxd5 14. exd5 Bd7 15.
a5 b5 16. axb6 Qxb6 17. b3 Bd8 18. Re1 Kf8 19. Ba3 Kg7 20. c4 a5 21. Rc1 Rc8
22. c5 dxc5 23. Rxe5 Re8 24. Rxe8 Nxe8 25. Bxc5 Qa6 26. Bf1 Qb7 27. Nh5+ Kg8
28. Qd4 Qxb3 29. Re1 f6 30. Qe4 Rxc5 31. Qg6+ Kf8 32. Rxe8+ Bxe8 33. Qg7# 1-0

[Event "Lichtenrader Herbst"]
[Site "Berlin"]
[Date "2018.10.28"]
[Round "2.10"]
[White "Buttkus, Andre"]
[Black "Baum, Jonasz"]
[Result "1/2-1/2"]
[WhiteElo "1987"]
[BlackElo "2273"]
[PlyCount "109"]
[EventDate "2018.??.??"]
[WhiteTeam "SK Tempelhof 1931 e.V."]

1. c4 c5 2. Nf3 g6 3. d4 cxd4 4. Nxd4 Bg7 5. e4 Nc6 6. Be3 Nf6 7. Nc3 O-O 8.
Be2 d6 9. Qd2 Nxd4 10. Bxd4 Bd7 11. O-O Bc6 12. f3 a5 13. b3 Nd7 14. Be3 Nc5
15. Rab1 e6 16. Rfc1 Be5 17. Bg5 Qb6 18. Be3 Qb4 19. Nb5 Rfd8 20. Qd1 Bxb5 21.
cxb5 a4 22. Rc4 Qa3 23. Qc2 axb3 24. axb3 b6 25. Rd1 Rac8 26. f4 Bg7 27. Bf3
Rb8 28. e5 dxe5 29. Bxc5 Qa5 30. Be3 Qxb5 31. Rxd8+ Rxd8 32. Rc8 Rxc8 33. Qxc8+
Bf8 34. Qc4 Qa5 35. Kf2 exf4 36. Bxf4 Bc5+ 37. Kg3 e5 38. Bh6 Qe1+ 39. Kh3 Qb4
40. Qxb4 Bxb4 41. Bd5 Bf8 42. Be3 b5 43. Bc6 b4 44. Bd5 Kg7 45. Kg4 f5+ 46. Kf3
Bd6 47. h3 Kf6 48. Bd2 Bc5 49. g4 e4+ 50. Bxe4 fxe4+ 51. Kxe4 Ke6 52. Bf4 Bf2
53. Bd2 Bc5 54. Bf4 Bf2 55. Bd2 1/2-1/2

[Event "Lichtenrader Herbst"]
[Site "Berlin"]
[Date "2018.10.28"]
[Round "2.11"]
[White "Schmuecker, Marcus"]
[Black "Tham, Nam"]
[Result "1-0"]
[WhiteElo "2271"]
[BlackElo "1983"]
[PlyCount "89"]
[EventDate "2018.??.??"]
[WhiteTeam "SV Hemer 1932"]
[BlackTeam "SC Weisse Dame e.V."]

1. d4 d5 2. Nf3 e6 3. Bf4 Nf6 4. e3 c5 5. c3 Nc6 6. Nbd2 Be7 7. Ne5 Nxe5 8.
Bxe5 O-O 9. Bd3 h6 10. O-O Bd6 11. f4 Qe7 12. Qf3 Rd8 13. g4 Nh7 14. g5 hxg5
15. Bxh7+ Kxh7 16. Qh5+ Kg8 17. Nf3 Bxe5 18. Nxg5 g6 19. Qh7+ Kf8 20. dxe5 Qe8
21. Qh8+ Ke7 22. Qf6+ Kd7 23. Nxf7 Qe7 24. Qxe7+ Kxe7 25. Nxd8 Kxd8 26. Kf2 Ke7
27. Rg1 Kf7 28. h4 Bd7 29. h5 gxh5 30. Rg5 Rh8 31. Rh1 h4 32. Rg4 h3 33. Rg3 h2
34. Rg2 Bc6 35. Rgxh2 Rxh2+ 36. Rxh2 Kg7 37. Kg3 Bb5 38. Kg4 Bd3 39. Kg5 b5 40.
Rh6 Bf5 41. Rf6 a5 42. Rxf5 exf5 43. Kxf5 b4 44. Ke6 a4 45. a3 1-0

[Event "Lichtenrader Herbst"]
[Site "Berlin"]
[Date "2018.10.28"]
[Round "2.12"]
[White "Kutschke, Jens"]
[Black "Haugli, Petter"]
[Result "0-1"]
[WhiteElo "1985"]
[BlackElo "2238"]
[PlyCount "150"]
[EventDate "2018.??.??"]
[WhiteTeam "SF Berlin 1903 e.V."]

1. e4 c5 2. Nf3 e6 3. d4 cxd4 4. Nxd4 a6 5. Be3 Nf6 6. Bd3 Qc7 7. c4 Bc5 8. Nc3
d6 9. O-O O-O 10. Nc2 Nbd7 11. Kh1 Bxe3 12. Nxe3 b6 13. Rc1 Bb7 14. Ng4 Nxg4
15. Qxg4 Ne5 16. Qe2 Rac8 17. b3 Rfd8 18. Bb1 Nd7 19. f4 Qc5 20. f5 Qe5 21. Qf2
exf5 22. Qxf5 Qxf5 23. Rxf5 Nf6 24. Rff1 Kf8 25. Nd5 Bxd5 26. exd5 Re8 27. Bf5
Rc7 28. Rce1 Rce7 29. Rxe7 Rxe7 30. Kg1 a5 31. g4 h6 32. h3 Re5 33. Rf2 Ke7 34.
Kf1 g6 35. Bc2 Nh7 36. Re2 Rxe2 37. Kxe2 Kf6 38. h4 Ke5 39. Ke3 Nf6 40. Bd1 Ne4
41. Bf3 Nc3 42. a4 Na2 43. h5 gxh5 44. gxh5 Nb4 45. Be4 Na6 46. Bb1 Nc5 47. Bc2
Nd7 48. Bd1 f5 49. Bf3 Nc5 50. Bd1 f4+ 51. Kf3 Kf5 52. Bc2+ Kg5 53. Bd1 Nd3 54.
Be2 Ne5+ 55. Ke4 f3 56. Bf1 Nd7 57. Kxf3 Kxh5 58. Kf4 Kg6 59. Bd3+ Kf6 60. Bf5
Nc5 61. Bc2 Nd7 62. Bf5 Ne5 63. Bc2 h5 64. Be4 Ng6+ 65. Kg3 Kg5 66. Bxg6 Kxg6
67. Kh4 Kh6 68. Kh3 Kg5 69. Kg3 h4+ 70. Kh3 Kh5 71. Kh2 Kg4 72. Kg2 h3+ 73. Kh2
Kh4 74. b4 axb4 75. a5 b3 0-1

[Event "Lichtenrader Herbst"]
[Site "Berlin"]
[Date "2018.10.28"]
[Round "2.13"]
[White "Ploder, Udo"]
[Black "Polatel, Ali"]
[Result "0-1"]
[WhiteElo "2024"]
[BlackElo "2214"]
[PlyCount "38"]
[EventDate "2018.??.??"]
[WhiteTeam "SF Anderssen Wetzlar"]
[BlackTeam "SC Zugzwang 95 e.V."]

1. e4 c6 2. d4 d5 3. e5 Bf5 4. Nc3 Qb6 5. g4 Bd7 6. h3 e6 7. Nge2 c5 8. Be3 Nc6
9. Qd2 cxd4 10. Bxd4 Nxd4 11. Nxd4 h5 12. Rg1 O-O-O 13. O-O-O Kb8 14. Rg3 hxg4
15. hxg4 Ne7 16. f4 Nc6 17. Na4 Qxd4 18. Qxd4 Nxd4 19. Rxd4 Rh1 0-1

[Event "Lichtenrader Herbst"]
[Site "Berlin"]
[Date "2018.10.28"]
[Round "2.14"]
[White "Riering, Berthold"]
[Black "Noetzel, Felix"]
[Result "0-1"]
[WhiteElo "1961"]
[BlackElo "2216"]
[PlyCount "108"]
[EventDate "2018.??.??"]
[WhiteTeam "SchVgg Blankenese von 1923 e.V."]
[BlackTeam "SF Berlin 1903 e.V."]

1. e4 e5 2. Nf3 Nc6 3. d4 exd4 4. Nxd4 Bc5 5. Nxc6 bxc6 6. Nc3 Nf6 7. Bc4 O-O
8. O-O Re8 9. Qf3 Rb8 10. Bg5 Bd4 11. Rad1 Be5 12. Rfe1 d6 13. h3 h6 14. Bf4
Qe7 15. Bb3 Rb4 16. a3 Rd4 17. Bxe5 Rxd1 18. Qxd1 Qxe5 19. Re3 Ba6 20. Ba4 Bb7
21. Qd3 Nd7 22. b4 Re7 23. Rf3 g6 24. Qe3 Nb6 25. Bb3 Kg7 26. a4 a5 27. bxa5
Qxa5 28. Qd4+ Qe5 29. Qxe5+ dxe5 30. Na2 c5 31. Rc3 c4 32. Bxc4 Nxa4 33. Re3
Rd7 34. f3 Nb6 35. Bb5 Rd1+ 36. Kf2 Rd2+ 37. Re2 Rd4 38. c3 Rd1 39. Rb2 Kf6 40.
Be2 Rd6 41. Nb4 Na4 42. Rb3 c5 43. Na2 Rd2 44. Ke1 Rxa2 45. Rxb7 Nxc3 46. Bc4
Rxg2 47. Rxf7+ Kg5 48. Re7 Kf4 49. Kf1 Rb2 50. Rf7+ Ke3 51. Rf6 Nb1 52. Bd5
Nd2+ 53. Kg1 Nxf3+ 54. Kf1 Rf2# 0-1

[Event "Lichtenrader Herbst"]
[Site "Berlin"]
[Date "2018.10.28"]
[Round "2.15"]
[White "Lohse, Steffen"]
[Black "Brustkern, Juergen"]
[Result "0-1"]
[WhiteElo "1906"]
[BlackElo "2203"]
[PlyCount "56"]
[EventDate "2018.??.??"]
[WhiteTeam "SV Osram (FV Schach)"]
[BlackTeam "SK Zehlendorf e.V."]

1. Nf3 d6 2. g3 e5 3. d3 f5 4. e4 Nf6 5. Bg5 Be7 6. Nc3 O-O 7. Bg2 h6 8. Bxf6
Bxf6 9. Nd5 c6 10. Nxf6+ Qxf6 11. O-O fxe4 12. Nd2 exd3 13. Ne4 Qg6 14. Qxd3 d5
15. Qb3 b6 16. Nd2 Na6 17. Nf3 Qf6 18. c3 Nc5 19. Qc2 Bf5 20. Qd2 Be4 21. Ne1
Rae8 22. f3 Bg6 23. Rf2 e4 24. fxe4 Qxf2+ 25. Qxf2 Rxf2 26. Kxf2 Bxe4 27. Rd1
a5 28. b3 Bxg2 0-1

[Event "Lichtenrader Herbst"]
[Site "Berlin"]
[Date "2018.10.28"]
[Round "2.16"]
[White "Schnabel, Ralf"]
[Black "Milare, Tyron"]
[Result "1-0"]
[WhiteElo "2202"]
[BlackElo "1985"]
[PlyCount "65"]
[EventDate "2018.??.??"]
[WhiteTeam "ESV Nickelhütte Aue"]
[BlackTeam "Potsdamer SV Mitte e.V."]

1. e4 c5 2. Nf3 d6 3. d4 cxd4 4. Nxd4 Nf6 5. Nc3 a6 6. a4 e5 7. Nf3 Be7 8. Bc4
O-O 9. O-O Nc6 10. Be3 Be6 11. Qe2 Rc8 12. Bb3 Bxb3 13. cxb3 Na5 14. Rad1 Nxb3
15. Nxe5 Qc7 16. Nf3 Rfd8 17. Nd4 Nxd4 18. Rxd4 h6 19. Rfd1 Qa5 20. h3 Qc7 21.
Bf4 Qb6 22. Be3 Qc7 23. Qf3 Qc6 24. Bf4 Qb6 25. R1d2 Kf8 26. g4 g5 27. Be3 Qa5
28. Kg2 Qe5 29. R4d3 Rc6 30. Bd4 Qe6 31. Nd5 Nxe4 32. Re2 Qxd5 33. Bg7+ 1-0

[Event "Lichtenrader Herbst"]
[Site "Berlin"]
[Date "2018.10.28"]
[Round "2.17"]
[White "Bornschein, Burkhard"]
[Black "Juhnke, Juergen"]
[Result "0-1"]
[WhiteElo "1988"]
[BlackElo "2228"]
[PlyCount "64"]
[EventDate "2018.??.??"]
[WhiteTeam "BSC Rehberge 1945 e.V."]
[BlackTeam "HSK Lister Turm"]

1. d4 Nf6 2. c4 g6 3. Nc3 Bg7 4. e4 d6 5. Be2 O-O 6. Nf3 e5 7. O-O Na6 8. Be3
Ng4 9. Bg5 Qe8 10. dxe5 dxe5 11. h3 f6 12. Bd2 Nh6 13. Qc1 Nf7 14. Re1 c6 15.
Be3 f5 16. exf5 gxf5 17. Bf1 e4 18. Nh2 Ne5 19. Bf4 Qg6 20. Re3 Qe6 21. Rg3 Ng6
22. Qe3 Nxf4 23. Qxf4 Kh8 24. Qh4 Nc5 25. Rd1 Bf6 26. Qh6 Qe7 27. Ne2 Nd3 28.
Rdxd3 exd3 29. Nf4 Rg8 30. Rxg8+ Kxg8 31. Bxd3 Bg5 32. Ng6 Qe1+ 0-1

[Event "Lichtenrader Herbst"]
[Site "Berlin"]
[Date "2018.10.28"]
[Round "2.18"]
[White "Rahls, Peter"]
[Black "Woerz, Markus"]
[Result "1/2-1/2"]
[WhiteElo "2239"]
[BlackElo "1996"]
[PlyCount "100"]
[EventDate "2018.??.??"]
[WhiteTeam "SK Zehlendorf e.V."]
[BlackTeam "SC Kreuzberg e.V."]

1. e4 e5 2. Nc3 Nf6 3. g3 d5 4. exd5 Nxd5 5. Bg2 Nxc3 6. bxc3 Nc6 7. Ne2 Bc5 8.
O-O O-O 9. Bb2 Bg4 10. h3 Bh5 11. g4 Bg6 12. d4 exd4 13. cxd4 Bd6 14. f4 f5 15.
gxf5 Bxf5 16. Ng3 Qh4 17. Nxf5 Rxf5 18. d5 Ne7 19. Qd4 Rf6 20. Rae1 Nf5 21. Qd3
Rf7 22. Be5 Raf8 23. Kh2 Re8 24. Re2 Qh6 25. c4 b6 26. Be4 Rxe5 27. fxe5 Bxe5+
28. Kg1 Bd4+ 29. Ref2 Qg5+ 30. Bg2 Bxf2+ 31. Rxf2 Nd6 32. Rc2 Qe5 33. c5 Qe1+
34. Kh2 Qe5+ 35. Qg3 Qxg3+ 36. Kxg3 Nf5+ 37. Kh2 Ne3 38. Rc3 Nxg2 39. Kxg2 Kf8
40. Ra3 Rd7 41. c6 Rxd5 42. Rxa7 Ra5 43. Rxc7 Rxa2+ 44. Kf3 Rc2 45. Ke4 Rc5 46.
h4 h5 47. Kf4 Kg8 48. Ke4 Kh7 49. Kf4 Kg6 50. Ke4 Kh7 1/2-1/2

[Event "Lichtenrader Herbst"]
[Site "Berlin"]
[Date "2018.10.28"]
[Round "2.19"]
[White "Jaeger, Andre"]
[Black "Maetzkow, Maximilian Paul"]
[Result "1/2-1/2"]
[WhiteElo "1919"]
[BlackElo "2193"]
[PlyCount "58"]
[EventDate "2018.??.??"]
[WhiteTeam "SC Rochade e.V."]
[BlackTeam "ESV 1949 Eberswalde e.V."]

1. d4 Nf6 2. c4 e6 3. Nc3 Bb4 4. f3 d5 5. a3 Bxc3+ 6. bxc3 c5 7. cxd5 Nxd5 8.
dxc5 f5 9. Nh3 O-O 10. Nf4 Nxf4 11. Bxf4 Qa5 12. Qd2 Na6 13. Bd6 Rd8 14. Qd4 b6
15. cxb6 axb6 16. Bb4 Rxd4 17. Bxa5 Rd6 18. Bb4 Nxb4 19. cxb4 Rd4 20. Rc1 Bd7
21. e3 Rd6 22. Rc3 Rc6 23. Rxc6 Bxc6 24. Bc4 Kf7 25. Kd2 Rxa3 26. Rc1 Bd7 27.
Rc3 Ra1 28. Rc1 Ra3 29. Rc3 Ra1 1/2-1/2

[Event "Lichtenrader Herbst"]
[Site "Berlin"]
[Date "2018.10.28"]
[Round "2.20"]
[White "Wierzbicki, Jirawat"]
[Black "Arndt, Uwe"]
[Result "1-0"]
[WhiteElo "2199"]
[BlackElo "1922"]
[PlyCount "93"]
[EventDate "2018.??.??"]
[WhiteTeam "SK König Tegel 1949 e.V."]
[BlackTeam "BSV 63 Chemie Weißensee"]

1. e4 c6 2. d4 d5 3. exd5 cxd5 4. Bd3 Nc6 5. c3 Nf6 6. Bf4 e6 7. Nf3 Bd6 8.
Bxd6 Qxd6 9. O-O O-O 10. Nbd2 Re8 11. Qe2 e5 12. dxe5 Nxe5 13. Nxe5 Rxe5 14.
Qf3 Bg4 15. Qf4 Qe7 16. Nf3 Bxf3 17. Qxf3 a6 18. Rad1 Re8 19. h3 Qe6 20. b3 b5
21. Qf4 Rc8 22. Qd4 g6 23. f4 Re3 24. f5 Qe5 25. Qxe5 Rxe5 26. fxg6 Rc6 27.
gxh7+ Nxh7 28. Bxh7+ Kxh7 29. Rxf7+ Kg6 30. Rf3 Re2 31. Rxd5 Rxa2 32. Rfd3 Kf7
33. b4 Rc2 34. Rf5+ Kg6 35. Rc5 Re6 36. Kh2 Kf7 37. h4 Rce2 38. Kh3 Re1 39.
Rf3+ Kg6 40. g3 R1e4 41. Rcf5 Rc6 42. h5+ Kg7 43. g4 Rec4 44. Rf7+ Kg8 45. Rf8+
Kg7 46. R3f7+ Kh6 47. Kh4 1-0

[Event "Lichtenrader Herbst"]
[Site "Berlin"]
[Date "2018.10.28"]
[Round "2.21"]
[White "Moewisch, Dave"]
[Black "Niehaus, Frank"]
[Result "1/2-1/2"]
[WhiteElo "1875"]
[BlackElo "2195"]
[PlyCount "92"]
[EventDate "2018.??.??"]
[WhiteTeam "SV Briesen e.V."]
[BlackTeam "SK König Tegel 1949 e.V."]

1. e4 e5 2. Nf3 d6 3. d4 Nd7 4. Bc4 c6 5. dxe5 dxe5 6. O-O Be7 7. Nc3 Ngf6 8.
Bg5 O-O 9. h3 h6 10. Be3 b5 11. Bd3 Qc7 12. Qd2 Rd8 13. a3 Nf8 14. Qe2 a6 15.
Nb1 Be6 16. Nbd2 Ng6 17. c4 Nh5 18. Bc2 Nhf4 19. Bxf4 Nxf4 20. Qe3 bxc4 21. Kh1
Nd3 22. Bxd3 cxd3 23. Rac1 c5 24. Nc4 f6 25. Rfd1 Qb7 26. Rxd3 Rxd3 27. Qxd3
Rd8 28. Qc2 Qd7 29. Nfd2 Kh7 30. f3 Qb5 31. Qc3 Rd4 32. Rc2 Bd8 33. Kh2 Qd7 34.
Qe3 Qa4 35. b3 Qd7 36. Rc3 Bc7 37. Kh1 Qb5 38. Kh2 Qd7 39. Kh1 Bd8 40. Kh2 Kh8
41. Kh1 Kg8 42. Kg1 Bf7 43. Qf2 Kh7 44. Kh1 Bg8 45. Kg1 Kh8 46. Kh1 Kh7 1/2-1/2

[Event "Lichtenrader Herbst"]
[Site "Berlin"]
[Date "2018.10.28"]
[Round "2.22"]
[White "Kather, Yannick"]
[Black "Bartoszewski-Reiski, Olaf"]
[Result "1/2-1/2"]
[WhiteElo "2136"]
[BlackElo "1900"]
[PlyCount "111"]
[EventDate "2018.??.??"]
[WhiteTeam "SC Weisse Dame e.V."]
[BlackTeam "Korona Gdansk"]

1. e4 c5 2. c3 Nf6 3. e5 Nd5 4. Nf3 Nc6 5. Bc4 e6 6. O-O d6 7. d4 cxd4 8. cxd4
Be7 9. exd6 Qxd6 10. Nc3 Nxc3 11. bxc3 O-O 12. Re1 Rd8 13. Ng5 h6 14. Ne4 Qc7
15. Qe2 Bd7 16. Bd2 Rac8 17. Bd3 Na5 18. Qh5 Be8 19. Qf3 Nc4 20. Bf4 Qa5 21.
Nd2 Nb2 22. Bf1 Qxc3 23. Qxb7 Rd7 24. Qa6 Rc6 25. Qe2 Rxd4 26. Ne4 Qc2 27. Qe3
Rb4 28. Qxa7 Bc5 29. Nxc5 Rxf4 30. Re2 Qxc5 31. Qb8 Nd3 32. Qxe8+ Kh7 33. Rc2
Qxc2 34. Bxd3+ Qxd3 35. Qxc6 Rxf2 36. Kxf2 Qd4+ 37. Kf3 Qxa1 38. Qc2+ g6 39. a4
Kg7 40. h3 h5 41. Qc6 Kf6 42. Qa8 Kf5 43. g4+ hxg4+ 44. hxg4+ Ke5 45. Qh8+ f6
46. Qb8+ Kd5 47. Qd8+ Ke5 48. Qc7+ Kd5 49. Qd7+ Ke5 50. Qb5+ Kd6 51. Qd3+ Ke7
52. Qxg6 Qf1+ 53. Kg3 Qg1+ 54. Kf3 Qf1+ 55. Ke3 Qe1+ 56. Kf3 1/2-1/2

[Event "Lichtenrader Herbst"]
[Site "Berlin"]
[Date "2018.10.28"]
[Round "2.23"]
[White "Wiegand, Christian"]
[Black "Kornitzky, Tino"]
[Result "1-0"]
[WhiteElo "1930"]
[BlackElo "2189"]
[PlyCount "51"]
[EventDate "2018.??.??"]
[WhiteTeam "SK Duderstadt"]
[BlackTeam "FC Bayern München e.V."]

1. e4 d5 2. exd5 Qxd5 3. Nc3 Qa5 4. d4 Nf6 5. Nf3 Bg4 6. h3 Bh5 7. g4 Bg6 8.
Ne5 c6 9. h4 Be4 10. Nc4 Qc7 11. Nxe4 Nxe4 12. Qf3 Nf6 13. g5 Nd5 14. Bd2 e6
15. O-O-O Nd7 16. Kb1 Be7 17. Bh3 g6 18. h5 Rg8 19. hxg6 hxg6 20. Bg4 Rg7 21.
Rh8+ Bf8 22. Rdh1 N7b6 23. Nxb6 axb6 24. Bxe6 Ne7 25. Bf4 Qd8 26. Be5 1-0

[Event "Lichtenrader Herbst"]
[Site "Berlin"]
[Date "2018.10.28"]
[Round "2.24"]
[White "Lachmann, Utz"]
[Black "Alten, Silvio"]
[Result "1-0"]
[WhiteElo "2191"]
[BlackElo "1931"]
[PlyCount "79"]
[EventDate "2018.??.??"]
[WhiteTeam "SF Berlin 1903 e.V."]
[BlackTeam "SV Mattnetz Berlin e.V."]

1. e4 c5 2. Nf3 d6 3. Bb5+ Bd7 4. Bxd7+ Nxd7 5. O-O Ngf6 6. Re1 e6 7. Nc3 Be7
8. d4 cxd4 9. Qxd4 Qb6 10. Be3 Qxd4 11. Bxd4 O-O 12. Rad1 Rfd8 13. Re2 Nc5 14.
Kf1 Rac8 15. h3 e5 16. Bxc5 Rxc5 17. g4 h5 18. g5 Nh7 19. h4 Rdc8 20. Nd5 Bd8
21. Ne3 Bc7 22. Nf5 Rd8 23. Red2 g6 24. Nxd6 Rc6 25. Nxb7 Rxd2 26. Rxd2 f6 27.
Nd8 Rc4 28. Ne6 Bb6 29. b3 Rc6 30. Nd8 Rc8 31. Nb7 Rc7 32. Nd6 Ba5 33. Rd5 Bb4
34. c4 a6 35. Ne8 Rc6 36. Nxf6+ Nxf6 37. gxf6 Rxf6 38. Nxe5 Kg7 39. Rd7+ Kh6
40. Nf7+ 1-0

[Event "Lichtenrader Herbst"]
[Site "Berlin"]
[Date "2018.10.28"]
[Round "2.25"]
[White "Tham, Minh"]
[Black "Roehr, Tobias"]
[Result "1/2-1/2"]
[WhiteElo "1931"]
[BlackElo "2190"]
[PlyCount "108"]
[EventDate "2018.??.??"]
[WhiteTeam "SC Weisse Dame e.V."]
[BlackTeam "SG Aufbau Elbe Magdeburg"]

1. e4 c5 2. Nf3 e6 3. d4 cxd4 4. c3 Nf6 5. e5 Nd5 6. cxd4 Nc6 7. Bc4 d6 8. exd6
Bxd6 9. Nc3 O-O 10. O-O Nxc3 11. bxc3 Ne7 12. Bd2 Ng6 13. Re1 b6 14. Bd3 Bb7
15. Be4 Qc7 16. Bxb7 Qxb7 17. Qb3 Rac8 18. Rac1 Rfd8 19. c4 h6 20. c5 Bf4 21.
Be3 Rd5 22. cxb6 Rxc1 23. Rxc1 axb6 24. Rb1 Qa6 25. Qxb6 Qxa2 26. Re1 Rf5 27.
h3 Kh7 28. Qb1 Qd5 29. Qc2 Qd6 30. Bxf4 Rxf4 31. Re4 f5 32. Re3 Qd5 33. Qe2 Nh4
34. Nxh4 Rxh4 35. Rxe6 Rxd4 36. Re7 Rd1+ 37. Kh2 Rd2 38. Qe5 Qxe5+ 39. Rxe5 Kg6
40. Kg3 Kf6 41. Ra5 Rd3+ 42. f3 Rd2 43. f4 Rd3+ 44. Kf2 h5 45. Ra6+ Ke7 46. h4
Rd6 47. Ra7+ Kf6 48. Ra5 Rc6 49. Re5 Rc4 50. g3 Re4 51. Ra5 Rb4 52. Re5 Rb2+
53. Kf3 g6 54. Ra5 Rb3+ 1/2-1/2